LEADER 01881oam 2200445 450 001 9910299719303321 005 20190911112726.0 010 $a3-642-37558-8 024 7 $a10.1007/978-3-642-37558-3 035 $a(OCoLC)860980370 035 $a(MiFhGG)GVRL6WSL 035 $a(EXLCZ)992670000000429028 100 $a20130822d2014 uy 0 101 0 $aeng 135 $aurun|---uuuua 181 $ctxt 182 $cc 183 $acr 200 00$aEvolutionary paths towards the mobility patterns of the future /$fMichael Hulsmann, Dirk Fornahl, editors 205 $a1st ed. 2014. 210 1$aHeidelberg, Germany :$cSpringer,$d2014. 215 $a1 online resource (ix, 334 pages) $cillustrations (some color) 225 1 $aLecture Notes in Mobility,$x2196-5544 300 $a"ISSN: 2196-5544." 311 $a3-642-37557-X 320 $aIncludes bibliographical references. 327 $aMobility needs and mobility concepts -- Challenges for Companies and Policy -- Renewable Energy and Mobility. 330 $aThis edited volume presents new insights and challenges in the field of electric mobility in relation to new mobility and infrastructure concepts as well as to renewable energies. The book covers the socio-economic view on the topic as well as technical aspects and thus offers valuable knowledge for future business models. It primarily addresses practitioners and researchers in the field but may also be of use to graduate students. 410 0$aLecture notes in mobility. 606 $aElectric vehicles 615 0$aElectric vehicles. 676 $a629.2502 702 $aHulsmann$b Michael 702 $aFornahl$b Dirk$f1973- 801 0$bMiFhGG 801 1$bMiFhGG 906 $aBOOK 912 $a9910299719303321 996 $aEvolutionary Paths Towards the Mobility Patterns of the Future$92165802 997 $aUNINA